LEADER 01639nam 2200361Ia 450 001 996385424203316 005 20200824132315.0 035 $a(CKB)4940000000080008 035 $a(EEBO)2248526288 035 $a(OCoLC)ocm13087365e 035 $a(OCoLC)13087365 035 $a(EXLCZ)994940000000080008 100 $a19860131d1648 uy | 101 0 $adut 135 $aurbn||||a|bb| 200 13$aDe verclaringe van den Heere Marmaduke Langdale Ridder, generael vande noorde quartieren van Engelandt$b[electronic resource] $eals mede vande Colonellen Edeluyden ende andere ghetrouwe onderdaenen : teghenwoordich in actuelen dienst zy?nde van Syn Majesteyt van Groot Britannien &c. : ober-gheset uyt Engelsch naer het principael tot Lonnen gedruckt 1648 = The declaration of Sir Marmaduke Langdale Knight, general of the northern parts of England, as also of the colonels, gentlemen and other loyall subjects at present in actuall service for His Majestie of Great Brittayne, &c 210 $aLondon $c[s.n.]$d1648 215 $a8 p 300 $aTexts in Dutch and in English. 300 $aA Royalist manifesto. 300 $aReproduction of original in Huntington Library. 330 $aeebo-0113 607 $aGreat Britain$xHistory$yCivil War, 1642-1649 700 $aLangdale$b Marmaduke Langdale$cBaron,$f1598?-1661.$01008422 801 0$bEAA 801 1$bEAA 801 2$bm/c 801 2$bUMI 801 2$bWaOLN 906 $aBOOK 912 $a996385424203316 996 $aDe verclaringe van den Heere Marmaduke Langdale Ridder, generael vande noorde quartieren van Engelandt$92363691 997 $aUNISA LEADER 01032nam0-22002651i-450 001 990005403140403321 005 20240328144301.0 035 $a000540314 035 $aFED01000540314 035 $a(Aleph)000540314FED01 035 $a000540314 100 $a19990530d1961----km-y0itay50------ba 101 0 $aita 105 $ay-------001yy 200 1 $aLeggi sulla tutela delle cose d'interesse artistico o storico e sulla protezione delle bellezze naturali e panoramiche$fMinistero della Pubblica Istruzione. Direzione generale delle Antichita e Belle Arti 210 $aRoma$cIstituto Poligrafico dello Stato$d1961 215 $a29 p.$d26 cm 710 0 $aItalia.$bMinistero della pubblica istruzione$0354240 801 0$aIT$bUNINA$gRICA$2UNIMARC 901 $aBK 912 $a990005403140403321 952 $aARCH. BM MISC. 163 (17)$bARCH. 14826$fFLFBC 959 $aFLFBC 996 $aLeggi sulla tutela delle cose d'interesse artistico o storico e sulla protezione delle bellezze naturali e panoramiche$9591510 997 $aUNINA